000 00627cam a22002172 4500
001 0000005310
005 20151217161135.0
008 070611s xx 000 0 eng d
020 _a0198504594 :
_cKES 2,999
040 _aKABU
_cKABU
050 0 _aTX369
_b.V38
100 1 _aVaughan, J. G.
_@0000156529
245 1 4 _aThe Oxford book of health foods /
_cJ. G. Vaughan and P. A. Judd.
260 _aOxford :
_bOUP,
_c2003.
300 _a188 p.
650 0 _aNatural foods.
_@0000156530
700 1 _aJudd, P. A.
_@0000156531
908 _a070611
950 _@1
999 _c14986
_d14986